000 00650nam a2200217Ia 4500
003 OSt
005 20250122161550.0
008 210716s1963 xx 000 0 und d
020 _a0525471189
040 _cAIMIT LIBRARY
041 _aeng
082 _a808.83
_21
_bRIOW
100 _aRiordon, William L.
_9194658
245 _aPlunkitt of tammany hall /
_cBy William L Riordon.
250 _a1st ed.
260 _aNew York :
_bE P Dutton and co. inc ;
_c1963.
300 _a98p. ;
_bPB
_c18cm.
650 _aIngratitude in politics
_9194659
650 _aDangers of the dress suit in politics
_9194660
942 _2ddc
_cBK
_e1st ed.
_k808.83 RIOW
999 _c199989
_d199989